ბათუმის შოთა რუსთაველის სახელმწიფო უნივერსიტეტის ბიბლიოთეკა

Teaching students with special needs in inclusive settings / (ბიბ.ჩანაწერი № 58101)

000 -LEADER
fixed length control field 00976cam a2200229 a 4500
001 - CONTROL NUMBER
control field 16611331
005 - DATE AND TIME OF LATEST TRANSACTION
control field 20210615135032.0
008 - FIXED-LENGTH DATA ELEMENTS--GENERAL INFORMATION
fixed length control field 110114s2015 njua b 001 0 eng
020 ## - INTERNATIONAL STANDARD BOOK NUMBER
International Standard Book Number 9789332550223
041 ## - LANGUAGE CODE
Language code of text/sound track or separate title eng
080 ## - UNIVERSAL DECIMAL CLASSIFICATION NUMBER
Universal Decimal Classification number 376 T-29
245 00 - TITLE STATEMENT
Title Teaching students with special needs in inclusive settings /
Statement of responsibility, etc. Tom E. C. Smith, Polloway, Edward A.; Patton, James R.; Dowdy, Carol A.
250 ## - EDITION STATEMENT
Edition statement 6th ed.
264 ## - PRODUCTION, PUBLICATION, DISTRIBUTION, MANUFACTURE, AND COPYRIGHT NOTICE
Place of production, publication, distribution, manufacture Boston :
Name of producer, publisher, distributor, manufacturer Pearson,
Date of production, publication, distribution, manufacture, or copyright notice 2012.
300 ## - PHYSICAL DESCRIPTION
Extent 581 p. :
Other physical details ill. ;
Dimensions 28 cm.
653 ## - INDEX TERM--UNCONTROLLED
keyword სპეციალური საჭიროების მქონე სტუდენტების სწავლება ინკლუზიურ პირობებში
653 ## - INDEX TERM--UNCONTROLLED
keyword პედაგოგიკა
653 ## - INDEX TERM--UNCONTROLLED
keyword Обучение студентов с особыми потребностями в инклюзивной среде
653 ## - INDEX TERM--UNCONTROLLED
keyword Педагогика
700 1# - ADDED ENTRY--PERSONAL NAME
Personal name Smith, Tom E. C.
9 (RLIN) 12049
942 ## - ADDED ENTRY ELEMENTS (KOHA)
Koha item type წიგნი
ეგზემპლარები
Withdrawn status Lost status Source of classification or shelving scheme Damaged status Not for loan Permanent Location Current Location Shelving location Date acquired Cost, normal purchase price Full call number Barcode Date last seen Copy number Price effective from Koha item type Public note
          ბათუმის შოთა რუსთაველის სახელმწიფო უნივერსიტეტის მთავარი ბიბლიოთეკა ბათუმის შოთა რუსთაველის სახელმწიფო უნივერსიტეტის მთავარი ბიბლიოთეკა წიგნსაცავი 2021-06-15 282.00 376 T-29 61380 2021-06-15 61380 2021-06-15 წიგნი 282 ლ.